Mitteilungen des Deutschen Hauptverbandes der Industrie
Uložené v:
| Médium: | Seriál |
|---|---|
| Jazyk: | German |
| Vydavateľské údaje: |
Teplitz-Schönau
Deutscher Hauptverband der Industrie in der Tschechoslowakischen Republik
1925
|
| Tagy: |
Žiadne tagy, Buďte prvý, kto otaguje tento záznam!
|
MARC
| LEADER | 00000nas2a2200000 4500 | ||
|---|---|---|---|
| 001 | 0015047 | ||
| 005 | 20250730114332.7 | ||
| 041 | 0 | |a ger | |
| 044 | |a CZ | ||
| 245 | 1 | 0 | |a Mitteilungen des Deutschen Hauptverbandes der Industrie |
| 264 | 1 | |a Teplitz-Schönau |b Deutscher Hauptverband der Industrie in der Tschechoslowakischen Republik |c 1925 | |
| 300 | |a 1 zv. | ||
| 773 | 0 | |w eu_un_cat*0014776 | |